NBA Cities - Whammies - Statistics

General Stats
  • This quiz has been taken 138 times
  • The average score is 24 of 28
Answer Stats
City % Correct
Los Angeles
97%
Chicago
96%
New York
96%
Boston
95%
Miami
94%
Atlanta
92%
San Francisco
91%
Dallas
90%
Houston
90%
Philadelphia
90%
Denver
89%
San Antonio
87%
Charlotte
85%
Detroit
84%
Oklahoma City
84%
Orlando
84%
Portland
84%
Washington D.C.
84%
Cleveland
83%
New Orleans
83%
Phoenix
83%
Indianapolis
82%
Toronto
82%
Milwaukee
80%
Minneapolis
80%
Sacramento
79%
Memphis
77%
Salt Lake City
77%
No matching quizzes found
Score Distribution
Percent of People with Each Score
Percentile by Number Answered
Your Score History
You have not taken this quiz